Christmas Song Initials - Statistics

General Stats
  • This quiz has been taken 12,063 times
    11,100 since last reset
  • The average score is 11 of 20
Answer Stats
Acronym Song % Correct
JB Jingle Bells
85%
SN Silent Night
84%
WC White Christmas
82%
LC Last Christmas
73%
JBR Jingle Bell Rock
66%
AIWFCIY All I Want for Christmas Is You
64%
DTH Deck the Halls
64%
FN Feliz Navidad
63%
RTRNR Rudolph, the Red-Nosed Reindeer
63%
WWYAMC We Wish You a Merry Christmas
54%
LISLISLIS Let It Snow! Let It Snow! Let It Snow!
52%
JTTW Joy to the World
44%
OCAYF O Come All Ye Faithful
40%
RATCT Rockin' Around the Christmas Tree
37%
FTS Frosty the Snowman
33%
HTHAS Hark! The Herald Angels Sing
32%
WTK We Three Kings
32%
SCICTT Santa Claus is Comin' to Town
30%
TTDOC The Twelve Days of Christmas
30%
TLDB The Little Drummer Boy
27%
No matching quizzes found
Score Distribution
Percent of People with Each Score
Percentile by Number Answered
Your Score History
You have not taken this quiz since the last reset